000 00819nam a2200253Ia 4500
003 Ost
005 20260507075127.0
008 260507s9999||||xx |||||||||||||| ||und||
020 _a977345276x
040 _cfsecg
041 _aara
082 _a330
100 _aراندال، جيفري
_eمؤلف
245 0 _aتحليل المنتج وتسعيره وإنشاء قنوات توزيعه /
_c جيفري راندال
260 _aالقاهرة:
_bدار الفاروق,
_c2003
300 _a29 صفحة؛
_bإيضاحات ؛
_c24 سم
490 _aاكويك،نوتس
520 _aتحليل المنتج- تحديد السعر- قنوات التوزيع
653 _aالسعر
653 _aالسلع
653 _aالمنافسة
653 _aقنوات التوزيع
942 _cكتاب
999 _c43164
_d43164